2020-21 NFL Yards Leaders - Statistics

General Stats
  • This quiz has been taken 46 times
  • The average score is 53 of 60
Answer Stats
Hint Answer % Correct
1104 (Rushing) Packers Aaron Jones
100%
2943 (Passing) Giants Daniel Jones
100%
2027 (Rushing) Titans Derrick Henry
100%
1303 (Receiving) Seahawks DK Metcalf
100%
4544 (Passing) Bills Josh Allen
100%
992 (Receiving) Chargers Keenan Allen
100%
978 (Rushing) Buccaneers Ronald Jones
100%
1535 (Receiving) Bills Stefon Diggs
100%
1276 (Receiving) Chiefs Tyreek Hill
100%
1374 (Receiving) Packers Davante Adams
97%
1407 (Receiving) Cardinals DeAndre Hopkins
97%
1416 (Receiving) Cheifs Travis Kelce
97%
4299 (Passing) Packers Aaron Rodgers
94%
979 (Rushing) Cowboys Ezekiel Elliott
94%
1400 (Receiving) Vikings Justin Jefferson
94%
4740 (Passing) Chiefs Patrick Mahomes
94%
4212 (Passing) Seahawks Russell Wilson
94%
4633 (Passing) Buccaneers Tom Brady
94%
1114 (Receiving) Cowboys Amari Cooper
92%
1557 (Rushing) Vikings Dalvin Cook
92%
4823 (Passing) Texans Deshaun Watson
92%
3952 (Passing) Rams Jared Goff
92%
4336 (Passing) Chargers Justin Herbert
92%
4265 (Passing) Vikings Kirk Cousins
92%
819 (Rushing) Cardinals Kyler Murray
92%
3971 (Passing) Cardinals Kyler Murray
92%
4084 (Passing) Lions Matthew Stafford
92%
4581 (Passing) Falcons Matt Ryan
92%
1067 (Rushing) Browns Nick Chubb
92%
1075 (Receiving) Titans A.J. Brown
89%
1250 (Receiving) Bears Allen Robinson
89%
932 (Rushing) Saints Alvin Kamara
89%
1374 (Receiving) Falcons Calvin Ridley
89%
4103 (Passing) Raiders Derek Carr
89%
1193 (Receiving) Panthers D.J. Moore
89%
1070 (Rushing) Jaguars James Robinson
89%
1169 (Rushing) Colts Jonathan Taylor
89%
1118 (Receiving) Washington Terry McLaurin
89%
3563 (Passing) Browns Baker Mayfield
86%
1065 (Rushing) Raiders Josh Jacobs
86%
4169 (Passing) Colts Philip Rivers
86%
3819 (Passing) Titans Ryan Tannehill
86%
1150 (Receiving) Texans Brandin Cooks
83%
803 (Rushing) Chiefs Clyde Edwards-Helaire
83%
1070 (Rushing) Bears David Montgomery
83%
2942 (Passing) Saints Drew Brees
83%
841 (Rushing) Browns Kareem Hunt
83%
1006 (Receiving) Buccaneers Mike Evans
83%
1096 (Receiving) Panthers Robby Anderson
83%
1054 (Receiving) Seahawks Tyler Lockett
83%
3803 (Passing) Steelers Ben Roethlisberger
81%
1005 (Rushing) Ravens Lamar Jackson
81%
986 (Rushing) Broncos Melvin Gordon
78%
867 (Rushing) Eagles Miles Sanders
78%
795 (Rushing) Washington Antonio Gibson
75%
805 (Rushing) Ravens J.K. Dobbins
75%
1196 (Receiving) Raiders Darren Waller
72%
3733 (Passing) Panthers Teddy Bridgewater
67%
955 (Rushing) Cardinals Kenyan Drake
56%
984 (Receiving) Titans Corey Davis
50%
No matching quizzes found
Score Distribution
Percent of People with Each Score
Percentile by Number Answered
Your Score History
You have not taken this quiz